Loading...
Religion | 0 | 3 | 0 | 2 | 30 | 110 | 132.67 | 0 | 0 |
Fine Arts - Other Fine Arts | 0 | 2 | 0 | 0 | 20 | 59 | 77.50 | 0 | 0 |
Current Events | 0 | 1 | 0 | 1 | 10 | 159 | 159.00 | 0 | 0 |
History - European History | 0 | 1 | 0 | 0 | 10 | 156 | 156.00 | 0 | 0 |
Literature - American Literature | 0 | 1 | 0 | 0 | 10 | 108 | 108.00 | 0 | 0 |
Literature - British Literature | 0 | 1 | 0 | 0 | 10 | 120 | 120.00 | 0 | 0 |
Literature - European Literature | 0 | 1 | 0 | 0 | 10 | 115 | 115.00 | 0 | 1 |
Mythology | 0 | 1 | 0 | 1 | 10 | 162 | 162.00 | 0 | 0 |
Social Science | 0 | 1 | 1 | 0 | 5 | 105 | 105.00 | 0 | 0 |
History - American History | 0 | 1 | 1 | 0 | 5 | 111 | 111.00 | 0 | 0 |
Fine Arts - Painting & Sculpture | 0 | 0 | 0 | 0 | 0 | 0.00 | 0 | 0 | |
History - World History | 0 | 0 | 0 | 0 | 0 | 0.00 | 0 | 0 | |
Literature - World Literature | 0 | 0 | 0 | 0 | 0 | 0.00 | 0 | 0 | |
Science - Other Science | 0 | 0 | 1 | 0 | -5 | 0.00 | 0 | 0 | |
Other Academic | 0 | 0 | 1 | 0 | -5 | 0.00 | 0 | 0 |